[Event "Montreal Rois"]
[Site "Montreal"]
[Date "1981.10.06"]
[Round "4"]
[White "Rousseau, Daniel"]
[Black "Crevier, Robert"]
[Result "1-0"]
[WhiteElo "1616"]
[BlackElo "1770"]
[PlyCount "63"]
[EventDate "1981.09.15"]
[EventType "swiss"]
[EventRounds "5"]
[EventCountry "CAN"]
[SourceTitle "EXT 2022"]
[Source "ChessBase"]
[SourceDate "2021.10.06"]
[SourceVersion "1"]
[SourceVersionDate "2021.10.06"]
[SourceQuality "1"]

1. e4 Nf6 2. e5 Nd5 3. d4 g6 4. Bc4 c6 5. Qf3 d6 6. Nc3 Be6 7. Bxd5 cxd5 8. Bf4 Nc6 9. exd6 Nxd4 10. Qd3 Bg7 11. Qd2 0-0 12. Nge2 Nxe2 13. dxe7 Qxe7 14. Nxe2 Bxb2 15. Rb1 Bg7 16. 0-0 Rac8 17. Nd4 Rc4 18. Nb5 Bf5 19. Nd6 Rd4 20. Qc1 Bc8 21. Re1 Qd7 22. Bg3 Rd8 23. Qg5 b6 24. Re7 Qa4 25. Rxa7 Qxa7 26. Qxd8+ Bf8 27. Nxc8 Qxa2 28. Ne7+ Kg7 29. Be5+ f6 30. Nf5+ gxf5 31. Qxf6+ Kg8 32. Qe6# 1-0